000
00205nam a22000857a 4500
999
_c
11060
_d
11060
008
180810b ||||| |||| 00| 0 eng d
100
_a
Dumas Alexandre
_9
6777
245
_a
The 3 Musketeers
260
_a
New Delhi